00357nam a2200109Ia 4500008004000000020001600040082001500056100004700071245008400118260003000202300001500232210210b2002 xxu||||| |||| 00| 0 eng d a009188463 2 a158.1 HANO aHANSEN (Mark Victor) and ALLEN (Robert G). aOne minute millionaire: the story that transforms your life and makes you rich. aLondonbVermilion.,c2002 axxviii,388